000
00329nam a2200145Ia 4500
008
230711s9999||||xx |||||||||||||| ||und||
041
_a
ENG
082
_a
624
_b
RA-S
100
_a
Raymond Bannister
245
0
_a
Surveying
250
_a
2nd
260
_c
1986
_a
New Delhi
_b
Elbs Britain
650
_a
Civil Engineering
942
_c
BK
999
_c
420
_d
420